[Event "Hastings Masters"]
[Site "Hastings"]
[Date "2011.01.01"]
[Round "5.31"]
[White "Marusenko, Petr"]
[Black "Webster, Richard J"]
[Result "1-0"]
[WhiteElo "2206"]
[BlackElo "1986"]
[PlyCount "141"]
[EventDate "2010.12.28"]

1. d4 Nf6 2. c4 g6 3. Nc3 d5 4. cxd5 Nxd5 5. Nf3 Bg7 6. e3 O-O 7. Bc4 Nxc3 8.
bxc3 c5 9. O-O Nc6 10. h3 Qc7 11. Qe2 Re8 12. Ba3 b6 13. Rac1 Na5 14. Bb5 Rd8
15. e4 Rb8 16. Rfd1 e6 17. Qe3 Bd7 18. Be2 Ba4 19. Rd2 Bf8 20. h4 Qb7 21. dxc5
Rxd2 22. Nxd2 Qe7 23. h5 bxc5 24. e5 Bc6 25. Ne4 Bxe4 26. Qxe4 Qc7 27. Bf3 Bg7
28. Re1 Bxe5 29. Qxe5 Qxe5 30. Rxe5 Nc4 31. Rxc5 Nxa3 32. h6 Nb5 33. a4 Nd6 34.
a5 Rc8 35. Rxc8+ Nxc8 36. Kf1 Kf8 37. Ke2 Ke7 38. Kd3 Nd6 39. Kd4 Kd7 40. Kc5
Kc7 41. Bg4 Ne4+ 42. Kd4 Nf6 43. Bh3 Kd6 44. g4 Nd7 45. g5 Nc5 46. Kc4 Nd7 47.
Kb5 Kc7 48. f4 Nb8 49. Bg2 Kd6 50. c4 Kc7 51. Be4 Kd6 52. Bc2 Nc6 53. Be4 Nb8
54. c5+ Kc7 55. Kc4 Kd7 56. Bc2 Na6 57. Ba4+ Kd8 58. Kb5 Nc7+ 59. Kc6 Nd5 60.
Kb7 Nxf4 61. c6 Nd5 62. Bb3 Nc7 63. Kxa7 Kc8 64. Kb6 Kb8 65. Bc4 Kc8 66. Kc5
Kd8 67. a6 Ke7 68. a7 e5 69. Kb6 Kd6 70. Bxf7 e4 71. Bxg6 1-0

[Event "Hastings Masters"]
[Site "Hastings"]
[Date "2011.01.01"]
[Round "5.34"]
[White "Kelly, Paul J"]
[Black "Green, Andrew D"]
[Result "1-0"]
[WhiteElo "1946"]
[BlackElo "2141"]
[PlyCount "83"]
[EventDate "2010.12.28"]

1. e4 d6 2. d4 g6 3. c4 Nf6 4. Nc3 Bg7 5. f3 c6 6. Bg5 a6 7. Qd2 b5 8. g4 Nbd7
9. Bh6 Bxh6 10. Qxh6 Qa5 11. Nh3 Qb4 12. O-O-O bxc4 13. Ng5 Rb8 14. Rd2 c5 15.
d5 Ne5 16. h3 Nd3+ 17. Bxd3 cxd3 18. Qg7 Rf8 19. Nxh7 Nxh7 20. Qxh7 a5 21. Qh6
Qd4 22. Nd1 Ba6 23. Qe3 Qc4+ 24. Kb1 a4 25. Nf2 a3 26. Rc1 Qa4 27. Nxd3 Rh8 28.
f4 Bc4 29. b3 Bxb3 30. axb3 Qxb3+ 31. Ka1 c4 32. Qd4 Rxh3 33. Qxc4 Re3 34. Qxb3
Rxb3 35. Nf2 Rf3 36. f5 gxf5 37. gxf5 e6 38. fxe6 fxe6 39. Rdc2 exd5 40. exd5
Ke7 41. Ne4 Rb7 42. Rh2 1-0

[Event "Hastings Masters"]
[Site "Hastings"]
[Date "2011.01.01"]
[Round "5.35"]
[White "Barton, R Alan"]
[Black "Armstrong, Malcolm J"]
[Result "1/2-1/2"]
[WhiteElo "2103"]
[BlackElo "1957"]
[PlyCount "119"]
[EventDate "2010.12.28"]

1. d4 d5 2. Nf3 Nf6 3. e3 c6 4. Bd3 Nbd7 5. Nbd2 Qc7 6. O-O e6 7. b3 Bd6 8. Bb2
e5 9. e4 dxe4 10. Nxe4 Nxe4 11. Bxe4 O-O 12. dxe5 Nxe5 13. Nxe5 Bxe5 14. Bxh7+
Kxh7 15. Qh5+ Kg8 16. Bxe5 Qd7 17. Rfe1 Qg4 18. Qxg4 Bxg4 19. Re3 Rfe8 20. Rae1
Rad8 21. h3 Bf5 22. R3e2 f6 23. Bf4 Kf7 24. Be3 b6 25. f3 c5 26. Kf2 Bc8 27.
Bf4 Rxe2+ 28. Rxe2 Ba6 29. c4 Bc8 30. g4 Be6 31. Ke3 Rd7 32. h4 g6 33. a4 a6
34. Rd2 Rb7 35. Rd3 b5 36. cxb5 axb5 37. Rc3 b4 38. Rxc5 Bxb3 39. a5 Be6 40. a6
Ra7 41. Rc7+ Rxc7 42. Bxc7 b3 43. Kd2 f5 44. Be5 Bd5 45. Ke3 Ke6 46. Bb2 Ba8
47. Kf4 Kf7 48. Ke3 Ke6 49. h5 gxh5 50. gxh5 Kf7 51. Kf4 Kg8 52. Kg3 Kh7 53.
Bc1 Kg7 54. Kf4 Kh7 55. Kg3 Kg7 56. f4 Kh6 57. Kh4 Bc6 58. Ba3 Bd5 59. a7 Ba8
60. Bb2 1/2-1/2

[Event "Hastings Masters"]
[Site "Hastings"]
[Date "2011.01.01"]
[Round "5.36"]
[White "Hoare, Amy"]
[Black "de Coverley, Roger D"]
[Result "0-1"]
[WhiteElo "1921"]
[BlackElo "2091"]
[PlyCount "142"]
[EventDate "2010.12.28"]

1. e4 e5 2. Bc4 Nc6 3. Nc3 Nf6 4. d3 Bc5 5. f4 O-O 6. Nf3 Ng4 7. Qe2 exf4 8.
Bxf4 d6 9. Bg5 Qd7 10. h3 Nge5 11. Nxe5 dxe5 12. O-O-O Nd4 13. Qh5 b5 14. Nd5
bxc4 15. Nf6+ gxf6 16. Bxf6 Nb3+ 17. axb3 Be3+ 18. Kb1 Qe6 19. Rhf1 h6 20. Rde1
Bg5 21. Bxg5 hxg5 22. Rf5 f6 23. Qg6+ Kh8 24. Qh6+ Kg8 25. Ref1 Qxf5 26. exf5
cxd3 27. Qg6+ Kh8 28. cxd3 Ba6 29. Rf3 Rad8 30. Kc2 Rd4 31. g3 Bb5 32. Qh5+ Kg7
33. Re3 Be8 34. Qf3 Rb4 35. Kc3 a5 36. Re2 Bf7 37. Qc6 Rxb3+ 38. Kc2 Rfb8 39.
Kc1 Rxd3 40. Qxc7 Rb5 41. Rd2 Rxd2 42. Kxd2 Rxb2+ 43. Kc1 Rg2 44. g4 a4 45. Qa7
Ra2 46. Kb1 a3 47. Qa5 Rb2+ 48. Kc1 Rb3 49. h4 gxh4 50. g5 h3 51. gxf6+ Kxf6
52. Qa6+ Kxf5 53. Qf1+ Kg6 54. Qa6+ Kg7 55. Qe2 Kf6 56. Qa6+ Be6 57. Qf1+ Ke7
58. Qf2 a2 59. Qa7+ Kf6 60. Qf2+ Kg5 61. Qd2+ Kg4 62. Qe2+ Kf4 63. Qd2+ Ke4 64.
Qe2+ Kd4 65. Qd2+ Rd3 66. Qf2+ Re3 67. Qd2+ Ke4 68. Qc2+ Kf3 69. Qd1+ Kf2 70.
Qc2+ Re2 71. Qc3 a1=Q+ 0-1

[Event "Hastings Masters"]
[Site "Hastings"]
[Date "2011.01.01"]
[Round "5.38"]
[White "Young, Mel J"]
[Black "Coates, David H"]
[Result "0-1"]
[WhiteElo "1938"]
[BlackElo "2067"]
[PlyCount "66"]
[EventDate "2010.12.28"]

1. e4 e6 2. Qe2 Nf6 3. e5 Nd5 4. d4 c5 5. c4 Nb6 6. Nf3 d5 7. exd6 Bxd6 8. Be3
cxd4 9. Bxd4 Bb4+ 10. Nc3 O-O 11. O-O-O Qe7 12. Qe3 Nc6 13. Bd3 Nxd4 14. Qxd4
Bd7 15. Rhe1 Bc6 16. Ne5 Rfd8 17. Nxc6 bxc6 18. Qe4 g6 19. Qe5 Nd7 20. Qe2 Bxc3
21. bxc3 Rab8 22. Kd2 Nc5 23. Ke3 Qf6 24. Qc2 e5 25. f3 Qg5+ 26. Kf2 Qh4+ 27.
Kf1 Qxh2 28. Be4 Qf4 29. Qf2 Rxd1 30. Rxd1 Nxe4 31. fxe4 Qxe4 32. Qxa7 Rb2 33.
Re1 Qxg2# 0-1

[Event "Hastings Masters"]
[Site "Hastings"]
[Date "2011.01.01"]
[Round "5.39"]
[White "Kurka, Dieter"]
[Black "Rolvaag, Birk Anders"]
[Result "0-1"]
[WhiteElo "2040"]
[BlackElo "1917"]
[PlyCount "94"]
[EventDate "2010.12.28"]

1. d4 d5 2. Nf3 Nf6 3. Bf4 e6 4. e3 Be7 5. Bd3 b6 6. Nbd2 Bb7 7. Ne5 O-O 8. Qf3
Nbd7 9. Qh3 c5 10. c3 g6 11. Ndf3 Nxe5 12. Nxe5 Nh5 13. Bh6 Ng7 14. O-O Bg5 15.
g4 Bxh6 16. Qxh6 Qe7 17. f4 f5 18. g5 Ne8 19. Rf3 Qg7 20. Qxg7+ Nxg7 21. Nd7
Rf7 22. Nf6+ Kh8 23. Rh3 Ne8 24. Nxe8 Rxe8 25. Rf3 Kg7 26. h4 Rh8 27. Rh3 h6
28. Kg2 Kf8 29. h5 hxg5 30. hxg6 Rxh3 31. Kxh3 g4+ 32. Kh4 Rf6 33. Bf1 Rxg6 34.
Kg3 Rh6 35. Bg2 Ke7 36. Rh1 Rxh1 37. Bxh1 Ba6 38. Bg2 Bd3 39. Kf2 Kd6 40. Kg3
Kc6 41. Kh4 a5 42. Kg3 b5 43. Kf2 b4 44. cxb4 cxb4 45. Kg3 Bb1 46. a3 bxa3 47.
bxa3 Bd3 0-1

[Event "Hastings Masters"]
[Site "Hastings"]
[Date "2011.01.01"]
[Round "5.40"]
[White "Bremner, Adam"]
[Black "Norinkeviciute, Rasa"]
[Result "1-0"]
[WhiteElo "1912"]
[BlackElo "2028"]
[PlyCount "49"]
[EventDate "2010.12.28"]

1. e4 c5 2. Nf3 d6 3. d4 cxd4 4. Nxd4 Nf6 5. Nc3 a6 6. Bc4 e6 7. Bb3 Qc7 8. O-O
Be7 9. Qf3 Nc6 10. Be3 Ne5 11. Qg3 Nc4 12. Bxc4 Qxc4 13. f4 O-O 14. Rad1 Rd8
15. e5 Nd5 16. Nf5 Bf8 17. Nh6+ Kh8 18. Nxf7+ Kg8 19. Nxd5 exd5 20. Nxd8 Qc7
21. f5 Qxd8 22. e6 b5 23. Bg5 Qc7 24. Rde1 Be7 25. f6 1-0

[Event "Hastings Masters"]
[Site "Hastings"]
[Date "2011.01.01"]
[Round "5.41"]
[White "Malhotra, Tarun"]
[Black "Pickersgill, Adrian O"]
[Result "1-0"]
[WhiteElo "1913"]
[BlackElo "2026"]
[PlyCount "63"]
[EventDate "2010.12.28"]

1. e4 d6 2. c4 e5 3. d3 Be7 4. g3 Bg5 5. Bg2 Bxc1 6. Qxc1 Nh6 7. Nc3 c6 8. Nge2
O-O 9. O-O Na6 10. Qd2 Be6 11. b3 f5 12. f4 Nc5 13. d4 Nxe4 14. Nxe4 fxe4 15.
Bxe4 d5 16. cxd5 cxd5 17. Bg2 e4 18. h3 Rc8 19. Rac1 Qd7 20. g4 Qd6 21. f5 Bd7
22. Rxc8 Rxc8 23. f6 Nf7 24. fxg7 Kxg7 25. Nf4 Kh8 26. Nh5 Qh6 27. Qb4 Rc1 28.
Qe7 Rxf1+ 29. Bxf1 Qe3+ 30. Kh2 Qf2+ 31. Bg2 h6 32. Qf8+ 1-0

[Event "Hastings Masters"]
[Site "Hastings"]
[Date "2011.01.01"]
[Round "5.43"]
[White "Torgerson, Markus"]
[Black "Campbell, Eoin"]
[Result "0-1"]
[WhiteElo "1741"]
[BlackElo "1950"]
[PlyCount "74"]
[EventDate "2010.12.28"]

1. d4 Nf6 2. c4 g6 3. Nc3 d5 4. Nf3 Bg7 5. Bg5 Ne4 6. cxd5 Nxg5 7. Nxg5 e6 8.
Nf3 exd5 9. e3 O-O 10. Be2 c6 11. Qb3 Nd7 12. O-O Qb6 13. Qxb6 Nxb6 14. Rac1
Re8 15. Bd3 a5 16. a4 Nd7 17. Rfe1 f5 18. g3 Nb8 19. Kg2 Na6 20. Na2 Bd7 21. b3
b5 22. axb5 cxb5 23. Nc3 Nb4 24. Bf1 Reb8 25. Red1 a4 26. bxa4 bxa4 27. Ra1 a3
28. Rd2 Rc8 29. Na2 Nxa2 30. Rdxa2 Bf8 31. Ne5 Ba4 32. Be2 Bb3 33. Rd2 Bb4 34.
Rd3 Bc3 35. Rxc3 Rxc3 36. Nd3 Bc4 37. Bf3 Rxd3 0-1

[Event "Hastings Masters"]
[Site "Hastings"]
[Date "2011.01.01"]
[Round "5.44"]
[White "Spanton, Tim R"]
[Black "Messam-Sparks, Lateefah"]
[Result "0-1"]
[WhiteElo "2030"]
[BlackElo "1917"]
[PlyCount "96"]
[EventDate "2010.12.28"]

1. c4 e5 2. g3 Nc6 3. Bg2 g6 4. Nc3 Bg7 5. e4 d6 6. Nge2 Nge7 7. O-O Be6 8. Nd5
Qd7 9. d3 h5 10. Bg5 Ng8 11. h4 f6 12. Be3 Nce7 13. b4 c6 14. Ndc3 Nh6 15. f3
Nf7 16. Qd2 g5 17. f4 gxf4 18. gxf4 f5 19. Ng3 fxe4 20. dxe4 exf4 21. Rxf4 Be5
22. Rf3 Bg4 23. Rxf7 Kxf7 24. Rf1+ Ke8 25. Nf5 Nxf5 26. exf5 Bxf5 27. Ne4 Bxe4
28. Bxe4 Rg8+ 29. Bg5 Qg4+ 30. Bg2 Qg3 31. Rf3 Qg4 32. c5 Qd4+ 33. Qe3 Qxe3+
34. Rxe3 Kd7 35. Bh3+ Kc7 36. Kh1 Raf8 37. Be7 Rf4 38. Rd3 Rxb4 39. cxd6+ Kb6
40. Rb3 Rxb3 41. axb3 c5 42. d7 Bc7 43. Be6 Rh8 44. Bf7 Bd8 45. Bg5 Kc7 46. Be8
Rf8 47. Kg2 Rf5 48. Bg6 Rd5 0-1

[Event "Hastings Masters"]
[Site "Hastings"]
[Date "2011.01.01"]
[Round "5.45"]
[White "Quinn, Joseph R"]
[Black "Pleininger, Rudolf"]
[Result "1-0"]
[WhiteElo "1815"]
[BlackElo "1998"]
[PlyCount "119"]
[EventDate "2010.12.28"]

1. e4 c5 2. Nf3 g6 3. d4 cxd4 4. Nxd4 Nc6 5. Nc3 Nf6 6. Be2 Bg7 7. Be3 O-O 8.
O-O d5 9. exd5 Nxd5 10. Nxd5 Qxd5 11. Bf3 Qc4 12. Nxc6 bxc6 13. c3 Bf5 14. Qb3
Qa6 15. Qb4 e5 16. Rfe1 Rfe8 17. Be2 Qc8 18. Bc4 Bf8 19. Bc5 Rb8 20. Qa5 e4 21.
Qxa7 Rb7 22. Qa3 Bxc5 23. Qxc5 Rxb2 24. Bb3 Rd8 25. Rad1 Rbd2 26. Rxd2 Rxd2 27.
Rd1 Rd3 28. Rxd3 exd3 29. Qe7 Qf8 30. Qxf8+ Kxf8 31. Kf1 Ke7 32. Ke1 Kd6 33.
Bxf7 Kc5 34. Kd2 Kb5 35. f3 h5 36. h3 h4 37. Be8 g5 38. a4+ Kb6 39. a5+ Kc7 40.
a6 c5 41. Bb5 Kb6 42. Bxd3 Bd7 43. Ke3 Bc6 44. Bf1 Bd5 45. f4 gxf4+ 46. Kxf4 c4
47. Ke3 Kxa6 48. Kd4 Bc6 49. Bxc4+ Kb6 50. Bd5 Bd7 51. c4 Kc7 52. Ke5 Bc6 53.
Bxc6 Kxc6 54. Kf4 Kc5 55. Kg4 Kxc4 56. Kxh4 Kd5 57. Kg5 Ke6 58. Kg6 Ke7 59. Kg7
Ke6 60. h4 1-0

[Event "Hastings Masters"]
[Site "Hastings"]
[Date "2011.01.01"]
[Round "5.46"]
[White "Macrae, James S"]
[Black "Simon, Thomas"]
[Result "0-1"]
[WhiteElo "1763"]
[BlackElo "1971"]
[PlyCount "94"]
[EventDate "2010.12.28"]

1. d4 Nf6 2. Nc3 d5 3. Bg5 c6 4. Bxf6 exf6 5. Qd2 Bb4 6. a3 Ba5 7. e3 O-O 8.
Bd3 f5 9. Nge2 Re8 10. O-O-O b5 11. b4 Bc7 12. Kb2 a5 13. Na2 Bd6 14. c3 Qe7
15. Ra1 Nd7 16. Ng3 Nb6 17. Qc2 g6 18. Rhd1 Nc4+ 19. Bxc4 bxc4 20. Nc1 Bd7 21.
Nce2 axb4 22. axb4 Bxb4 23. Rxa8 Rxa8 24. Kc1 Ba3+ 25. Kd2 c5 26. Ra1 cxd4 27.
Nxd4 Rb8 28. Rb1 Bd6 29. Rxb8+ Bxb8 30. Qb2 Qd6 31. Nf1 f4 32. h3 Qc7 33. Ke2
Qe5 34. Nf3 Qe8 35. Nd4 Ba7 36. Nc2 Bf5 37. Nd4 Bxd4 38. cxd4 Bd3+ 39. Ke1 Bxf1
40. Kxf1 fxe3 41. Qe2 Qe4 42. fxe3 Qb1+ 43. Kf2 c3 44. Qf3 Qb2+ 45. Kg3 Qb8+
46. Kh4 c2 47. Qf1 Qd8+ 0-1

[Event "Hastings Masters"]
[Site "Hastings"]
[Date "2011.01.01"]
[Round "5.48"]
[White "Dale, Hannah"]
[Black "Dunlop, Neil J"]
[Result "1-0"]
[WhiteElo "1790"]
[BlackElo "1923"]
[PlyCount "125"]
[EventDate "2010.12.28"]

1. c4 e5 2. Nc3 Nf6 3. g3 d5 4. cxd5 Nxd5 5. Bg2 Nb6 6. d3 Be7 7. Nf3 Nc6 8.
O-O O-O 9. Bd2 Be6 10. Rc1 f6 11. Ne1 Qd7 12. f4 Bh3 13. Nf3 Bxg2 14. Kxg2 Nd4
15. Be3 Nf5 16. Qb3+ Kh8 17. Bd2 exf4 18. Bxf4 g5 19. Bd2 g4 20. Ne1 Nd4 21.
Qd1 h5 22. Bh6 Rf7 23. Qd2 Rh7 24. Bf4 Ne6 25. e4 Rf8 26. Bh6 Rg8 27. Nc2 Rg6
28. Bf4 h4 29. Ne3 Nxf4+ 30. gxf4 h3+ 31. Kf2 Bc5 32. Ne2 Qd6 33. d4 Bb4 34.
Qd3 Qd7 35. Nf5 Rg8 36. Rg1 Nc8 37. Rg3 Nd6 38. Nxd6 Bxd6 39. e5 fxe5 40. dxe5
Bf8 41. Qe4 c6 42. Rd3 Qe6 43. b3 Rf7 44. Nd4 Qh6 45. Ne2 Be7 46. Rcc3 Bh4+ 47.
Kf1 g3 48. hxg3 Rg4 49. Qh1 Bxg3 50. Rxg3 Rxg3 51. Rxg3 Rxf4+ 52. Nxf4 Qxf4+
53. Qf3 Qc1+ 54. Kf2 Qd2+ 55. Qe2 Qf4+ 56. Rf3 Qh2+ 57. Ke1 Qg1+ 58. Rf1 Qg3+
59. Kd1 h2 60. Qh5+ Kg8 61. Qf7+ Kh8 62. Qf8+ Kh7 63. Rf7+ 1-0

[Event "Hastings Masters"]
[Site "Hastings"]
[Date "2011.01.01"]
[Round "5.49"]
[White "Sargent, John"]
[Black "Pooley, Mark"]
[Result "1/2-1/2"]
[WhiteElo "1770"]
[BlackElo "1778"]
[PlyCount "154"]
[EventDate "2010.12.28"]

1. e4 g6 2. d4 Bg7 3. c3 c6 4. Bd3 d5 5. exd5 cxd5 6. Ne2 h5 7. Bf4 Nc6 8. Bg5
Bh6 9. h4 Qd6 10. Qc2 f5 11. Nd2 Nf6 12. Bxh6 Rxh6 13. f3 e6 14. a3 Bd7 15.
O-O-O Rh7 16. Rde1 Kf7 17. Ng1 Rc8 18. Nh3 Kg7 19. Re2 Nxd4 20. Qd1 Nxe2+ 21.
Qxe2 a6 22. Nb3 b5 23. Re1 Rhh8 24. Ng5 Rhe8 25. Qe5 Qxe5 26. Rxe5 Nh7 27. Nh3
Kf6 28. f4 Rc7 29. Nd4 Rb8 30. Kd2 a5 31. Nc2 Ra7 32. Nf2 b4 33. axb4 axb4 34.
Nxb4 Ra1 35. Nd1 Nf8 36. Nc2 Ra4 37. Nb4 Nh7 38. Ne3 Kf7 39. Nec2 Nf6 40. Re1
Ne4+ 41. Kc1 Nc5 42. Kd2 Nb3+ 43. Ke3 Nc5 44. Kd2 Ne4+ 45. Ke3 Bb5 46. Bxe4
fxe4 47. Nd4 Bd7 48. Rb1 Rba8 49. Ndc2 Bb5 50. g3 Kf6 51. Re1 Rb8 52. Kd2 Ra7
53. Rb1 Rab7 54. Ra1 Rc8 55. Rb1 Rc4 56. Ra1 Bd7 57. Ra6 Kf7 58. Ra5 d4 59.
Nxd4 Rxd4+ 60. cxd4 Rxb4 61. Kc3 Rb7 62. b4 e3 63. Re5 Ra7 64. Kc4 Rc7+ 65. Kb3
Rc1 66. Rxe3 Bc6 67. Kb2 Rc4 68. Kb3 Rxd4 69. Kc3 Rd7 70. Re5 Bd5 71. b5 Rc7+
72. Kb4 Rc1 73. b6 Rg1 74. Rg5 Kf6 75. Kc5 Rc1+ 76. Kb4 Rc6 77. Kb5 Rc8 1/2-1/2

[Event "Hastings Masters"]
[Site "?"]
[Date "2011.01.01"]
[Round "5.26"]
[White "White, Michael JR"]
[Black "Sergienko, Vladislav"]
[Result "0-1"]
[WhiteElo "2247"]
[BlackElo "2133"]
[PlyCount "58"]
[EventDate "2011.01.01"]

1. d4 Nf6 2. c4 g6 3. Nc3 Bg7 4. e4 d6 5. Be2 O-O 6. Bg5 Na6 7. Qd2 c6 8. Nf3
Bg4 9. O-O Qc7 10. a3 e5 11. dxe5 dxe5 12. b4 Nh5 13. Ne1 Be6 14. g3 f6 15. Be3
Qf7 16. c5 f5 17. Bxh5 gxh5 18. Ng2 f4 19. gxf4 Rad8 20. Qc2 exf4 21. Nxf4 Bb3
22. Qb2 Bc4 23. Kh1 Bxf1 24. Rxf1 Nc7 25. Rg1 Kh8 26. Qc2 Qc4 27. Nfe2 Nb5 28.
Rc1 Nxc3 29. Nxc3 Rd3 0-1

[Event "Hastings Masters"]
[Site "?"]
[Date "2011.01.01"]
[Round "5.27"]
[White "Spence, David J"]
[Black "Helbig, Paul D"]
[Result "1/2-1/2"]
[WhiteElo "2237"]
[BlackElo "2115"]
[PlyCount "102"]
[EventDate "2011.01.01"]

1. e4 e5 2. Nf3 Nc6 3. Bc4 Nf6 4. Qe2 Be7 5. c3 O-O 6. Bb3 d6 7. O-O Na5 8. Bc2
c5 9. Rd1 Qc7 10. d4 cxd4 11. cxd4 Bg4 12. Nc3 Nc6 13. Nb5 Qa5 14. Bd2 Bxf3 15.
gxf3 Qb6 16. Be3 a6 17. dxe5 Qxb5 18. Qxb5 axb5 19. exf6 Bxf6 20. Rxd6 Bxb2 21.
Rb1 Rxa2 22. Bb3 Ra1 23. Rxa1 Bxa1 24. Rd5 b4 25. Rb5 Rb8 26. Rf5 Ne5 27. Bf4
Nxf3+ 28. Kh1 Rf8 29. Bd6 Nd4 30. Bxf8 Nxf5 31. Bxb4 Nd4 32. Bd5 Nc6 33. Bc5 g5
34. Kg2 Bg7 35. Kg3 Bf8 36. Be3 Bd6+ 37. Kg4 h6 38. h4 Ne5+ 39. Kf5 gxh4 40.
Bf4 h3 41. Bxb7 f6 42. Ba6 Nf7 43. Bf1 Bxf4 44. Kxf4 Ng5 45. f3 h5 46. e5 h4
47. exf6 h2 48. Bg2 Nh3+ 49. Kg4 h1=Q 50. Bxh1 Nf2+ 51. Kxh4 Nxh1 1/2-1/2

[Event "Hastings Masters"]
[Site "?"]
[Date "2011.01.01"]
[Round "5.37"]
[White "Hegarty, Sarah N"]
[Black "Gibbs, Dominic V"]
[Result "1-0"]
[WhiteElo "2080"]
[BlackElo "1941"]
[PlyCount "50"]
[EventDate "2011.01.01"]

1. e4 c6 2. d4 d5 3. f3 e6 4. Bf4 b6 5. Nc3 Bb4 6. Nge2 Ne7 7. a3 Bxc3+ 8. Nxc3
O-O 9. Qd2 Ba6 10. Bxa6 Nxa6 11. O-O-O Qd7 12. h4 Rfd8 13. h5 c5 14. h6 g6 15.
Bg5 c4 16. Qf4 f5 17. exd5 Re8 18. dxe6 Qxe6 19. Rde1 Qf7 20. d5 Nc5 21. Qxc4
Nc6 22. Qf4 Nd8 23. Nb5 Rxe1+ 24. Rxe1 Rc8 25. Nc3 Rc7 1-0